| 000 | 00686nam a2200253 i 4500 | ||
|---|---|---|---|
| 001 | bg | ||
| 100 | 1 | _aPRODROMOU, Luke | |
| 245 | 1 | 0 |
_aMixed ability classes / _cLuke Prodromou. |
| 250 | _a1st publ. 1994, repr. | ||
| 260 |
_aLondon : _bMacmillan, _c1994. |
||
| 300 |
_a168 s. : _b2 fot., rys. ; _c24 cm. |
||
| 490 | 1 | _aMEP Monographs | |
| 504 | _aBibliogr. s. 160-163 i przy rozdz. - Indeks. | ||
| 650 | 9 | _aJęzyk angielski | |
| 655 | _aPodręczniki akademickie | ||
| 830 | _aMEP Monographs | ||
| 020 | _a0333493869 | ||
| 040 | _cBPK | ||
| 041 | 0 | _aen | |
| 080 | _a811.111(075.8) | ||
| 920 | _a0-333-49386-9 | ||
| 942 | _cKS | ||
| 008 | s pl f |000 0 pol | ||
| 999 |
_c32772 _d32772 |
||
| 856 |
_uhttp://koha.tu.koszalin.pl/cgi-bin/koha/opac-detail.pl?biblionumber=32772 _yKatalog online BPK |
||